000 00348 a2200157 4500
001 49501
020 _a850400676X
040 _cAnchieta - Bela Vista
100 _aTwain, Mark
240 1 0 _aAs viagens de Tom Sawyer
_lpor
245 1 0 _aAs viagens de Tom Sawyer
300 _a119
362 0 _a2004
650 4 _aLiteratura juvenil
942 _cBK
999 _c49501
_d49501